[Event "DEN-ch Seniors 65"]
[Site "Logumkloster"]
[Date "2020.02.14"]
[Round "6"]
[White "Larsen, Alex"]
[Black "Bucka Lassen, Edlef"]
[Result "1/2-1/2"]
[WhiteElo "1428"]
[BlackElo "1520"]
[PlyCount "60"]
[EventDate "2020.02.09"]
[EventType "swiss"]
[EventRounds "7"]
[EventCountry "DEN"]
[SourceTitle "EXT 2021"]
[Source "ChessBase"]
[SourceDate "2020.10.23"]
[SourceVersion "1"]
[SourceVersionDate "2020.10.23"]
[SourceQuality "1"]

1. d4 d5 2. Nf3 Nf6 3. g3 g6 4. Bg2 Bg7 5. 0-0 0-0 6. c3 b6 7. b4 Bb7 8. Bf4 Ne4 9. a4 Nc6 10. Qc2 e6 11. Nbd2 Nxd2 12. Qxd2 Re8 13. Ne5 Nxe5 14. dxe5 f6 15. exf6 Bxf6 16. Rac1 c6 17. h4 e5 18. Bg5 Rf8 19. Bxf6 Qxf6 20. b5 Rad8 21. Qa2 e4 22. Bxe4 Kg7 23. Bg2 Rd6 24. e3 a6 25. bxc6 Bxc6 26. a5 b5 27. f4 h5 28. Qf2 Qf5 29. Rfe1 Re8 30. Kh2 Bd7 1/2-1/2

[Event "DEN-ch Seniors 65"]
[Site "Logumkloster"]
[Date "2020.02.13"]
[Round "5"]
[White "Bucka Lassen, Edlef"]
[Black "Gade, Jens"]
[Result "0-1"]
[WhiteElo "1520"]
[BlackElo "1470"]
[PlyCount "54"]
[EventDate "2020.02.09"]
[EventType "swiss"]
[EventRounds "7"]
[EventCountry "DEN"]
[SourceTitle "EXT 2021"]
[Source "ChessBase"]
[SourceDate "2020.10.23"]
[SourceVersion "1"]
[SourceVersionDate "2020.10.23"]
[SourceQuality "1"]

1. c4 e5 2. Nc3 Nf6 3. g3 Nc6 4. Bg2 d6 5. e3 Be7 6. Nge2 0-0 7. d4 exd4 8. exd4 Bd7 9. 0-0 Re8 10. b3 Bg4 11. Qd2 Qd7 12. Nf4 h6 13. Bb2 a6 14. Rfe1 Nh7 15. d5 Ne5 16. Re3 Ng5 17. Rae1 Ngf3+ 18. Bxf3 Bxf3 19. Nce2 g5 20. Bxe5 dxe5 21. Rxf3 Qg4 22. Qc3 gxf4 23. Nxf4 exf4 24. Rxf4 Qg7 25. Qf3 Kf8 26. Re6 Bg5 27. Rg6 Qxg6 0-1

[Event "DEN-ch Seniors 65"]
[Site "Logumkloster"]
[Date "2020.02.10"]
[Round "2"]
[White "Larsen, Finn1111"]
[Black "Bucka Lassen, Edlef"]
[Result "1-0"]
[WhiteElo "1822"]
[BlackElo "1520"]
[PlyCount "33"]
[EventDate "2020.02.09"]
[EventType "swiss"]
[EventRounds "7"]
[EventCountry "DEN"]
[SourceTitle "EXT 2021"]
[Source "ChessBase"]
[SourceDate "2020.10.23"]
[SourceVersion "1"]
[SourceVersionDate "2020.10.23"]
[SourceQuality "1"]

1. c4 Nf6 2. Nc3 g6 3. g3 Bg7 4. Bg2 e6 5. d4 d5 6. Nf3 0-0 7. Ne5 dxc4 8. Nxc4 Nd5 9. e4 Nxc3 10. bxc3 b5 11. e5 c6 12. Nd6 Ba6 13. a4 Qa5 14. Bd2 bxa4 15. c4 Qc7 16. Qxa4 Rd8 17. Ba5 1-0

[Event "Grenzturnering 10th"]
[Site "Leck,Tonder,Niebuell,Logumklo"]
[Date "2019.11.25"]
[Round "4"]
[White "Soerensen, Helge"]
[Black "Bucka Lassen, Edlef"]
[Result "1-0"]
[WhiteElo "1633"]
[BlackElo "1503"]
[PlyCount "42"]
[EventDate "2019.09.20"]
[EventType "swiss"]
[EventRounds "9"]
[EventCountry "DEN"]
[SourceTitle "EXT 2021"]
[Source "ChessBase"]
[SourceDate "2020.10.23"]
[SourceVersion "1"]
[SourceVersionDate "2020.10.23"]
[SourceQuality "1"]

1. e4 c5 2. Nf3 Nc6 3. d4 cxd4 4. Nxd4 g6 5. Nc3 e6 6. Be3 a6 7. Be2 Bg7 8. 0-0 Nge7 9. f4 0-0 10. Bf3 d5 11. exd5 Nxd4 12. Bxd4 Nxd5 13. Bxg7 Kxg7 14. Nxd5 exd5 15. Qd4+ Kg8 16. Rad1 Be6 17. Bxd5 Bxd5 18. Qxd5 Qb6+ 19. Qd4 Qc7 20. c3 Rad8 21. Qf6 Rfe8 1-0

[Event "Border op 9th"]
[Site "Niebuell,Leck,Tonder,Oster Ho"]
[Date "2019.03.04"]
[Round "7"]
[White "Bucka Lassen, Edlef"]
[Black "Staugaard, Henning"]
[Result "1-0"]
[WhiteElo "1474"]
[BlackElo "1528"]
[PlyCount "71"]
[EventDate "2018.09.24"]
[EventType "swiss"]
[EventRounds "9"]
[EventCountry "DEN"]
[SourceTitle "EXT 2020"]
[Source "ChessBase"]
[SourceDate "2019.10.17"]
[SourceVersion "1"]
[SourceVersionDate "2019.10.17"]
[SourceQuality "1"]

1. c4 e5 2. g3 c6 3. Bg2 d5 4. cxd5 cxd5 5. b3 Nf6 6. Bb2 Nc6 7. e3 Bf5 8. Ne2 Nb4 9. 0-0 Nc2 10. e4 Nxa1 11. exf5 Nxb3 12. Qxb3 Qd7 13. Bxe5 Ng4 14. Bd4 b6 15. Bxd5 Rd8 16. Bc4 Qxf5 17. Bb5+ Ke7 18. Qa3+ Rd6 19. Qxa7+ Kd8 20. Bxb6+ Rxb6 21. Qxb6+ Ke7 22. Qc7+ Kf6 23. Bd7 Qh5 24. Bxg4 Qxg4 25. Qd8+ Ke5 26. f4+ Kf5 27. Qc8+ Kg6 28. Qxg4+ Kf6 29. Qg5+ Ke6 30. Nd4+ Kd7 31. Qb5+ Kc7 32. Rc1+ Kd8 33. Nc6+ Ke8 34. Ne5+ Ke7 35. Qd7+ Kf6 36. Qxf7# 1-0

[Event "Border op 9th"]
[Site "Niebuell,Leck,Tonder,Oster Ho"]
[Date "2018.11.12"]
[Round "3"]
[White "Petersen, Olaf"]
[Black "Bucka Lassen, Edlef"]
[Result "1-0"]
[WhiteElo "1590"]
[BlackElo "1474"]
[PlyCount "45"]
[EventDate "2018.09.24"]
[EventType "swiss"]
[EventRounds "9"]
[EventCountry "DEN"]
[SourceTitle "EXT 2020"]
[Source "ChessBase"]
[SourceDate "2019.10.17"]
[SourceVersion "1"]
[SourceVersionDate "2019.10.17"]
[SourceQuality "1"]

1. e4 c5 2. Nf3 Nc6 3. Bb5 g6 4. Nc3 Bg7 5. 0-0 Nf6 6. d4 cxd4 7. Nxd4 0-0 8. h3 Nxe4 9. Bxc6 Nxc3 10. bxc3 bxc6 11. Be3 c5 12. Ne2 Qc7 13. Qd5 Ba6 14. Rfe1 Bxe2 15. Rxe2 Bxc3 16. Rb1 d6 17. Rb7 Qd8 18. Bg5 Bf6 19. Bxf6 exf6 20. Ree7 Kh8 21. Rxf7 Rxf7 22. Qxf7 Qg8 23. Qxf6+ 1-0

[Event "Grenzturnering-B 8th"]
[Site "Tonder,Logumkloster,Leck"]
[Date "2018.02.19"]
[Round "6"]
[White "Eis, Harald"]
[Black "Bucka Lassen, Edlef"]
[Result "1-0"]
[WhiteElo "1722"]
[BlackElo "1561"]
[PlyCount "41"]
[EventDate "2017.09.26"]
[EventType "tourn"]
[EventRounds "9"]
[EventCountry "DEN"]
[SourceTitle "EXT 2021"]
[Source "ChessBase"]
[SourceDate "2020.10.23"]
[SourceVersion "1"]
[SourceVersionDate "2020.10.23"]
[SourceQuality "1"]

1. e4 c5 2. Nf3 Nc6 3. a3 Nf6 4. d3 g6 5. c3 Bg7 6. b4 d6 7. Be2 0-0 8. Ra2 b6 9. b5 Ne5 10. c4 Nxf3+ 11. Bxf3 a6 12. e5 Bg4 13. exf6 Bxf3 14. Qxf3 Bxf6 15. Qe2 axb5 16. cxb5 Ra4 17. Bb2 Re8 18. 0-0 Qd7 19. Qd1 Qxb5 20. Bxf6 exf6 21. Nc3 1-0

[Event "DEN-ch Seniors 65+"]
[Site "Logumkloster"]
[Date "2017.02.18"]
[Round "7"]
[White "Jensen, Jens Peter"]
[Black "Bucka Lassen, Edlef"]
[Result "1-0"]
[WhiteElo "1518"]
[BlackElo "1594"]
[PlyCount "65"]
[EventDate "2017.02.12"]
[EventType "swiss"]
[EventRounds "7"]
[EventCountry "DEN"]
[SourceTitle "EXT 2018"]
[Source "ChessBase"]
[SourceDate "2017.10.13"]
[SourceVersion "1"]
[SourceVersionDate "2017.10.13"]
[SourceQuality "1"]

1. e4 c5 2. Bc4 Nc6 3. Nf3 Nf6 4. d3 g6 5. a3 Bg7 6. Nc3 h6 7. h3 0-0 8. 0-0 e6 9. Ne2 d5 10. exd5 Nxd5 11. Bxd5 Qxd5 12. Nf4 Qd7 13. c3 b6 14. Qe2 Bb7 15. Qe3 Rfe8 16. Re1 Rad8 17. Rd1 Ba6 18. Qe1 e5 19. Nxg6 fxg6 20. Qe4 Bxd3 21. Rxd3 Qxd3 22. Qxc6 Qd1+ 23. Kh2 e4 24. Qxg6 Qd6+ 25. Qxd6 Rxd6 26. Nh4 Rd1 27. Nf5 Kh7 28. Nxg7 Kxg7 29. Bxh6+ Kxh6 30. Rxd1 Kg5 31. Kg3 e3 32. f4+ Kf5 33. Kf3 1-0

[Event "DEN-ch Seniors 65+"]
[Site "Logumkloster"]
[Date "2017.02.15"]
[Round "4"]
[White "Bucka Lassen, Edlef"]
[Black "Larsen, Alex"]
[Result "1-0"]
[WhiteElo "1594"]
[BlackElo "1459"]
[PlyCount "93"]
[EventDate "2017.02.12"]
[EventType "swiss"]
[EventRounds "7"]
[EventCountry "DEN"]
[SourceTitle "EXT 2018"]
[Source "ChessBase"]
[SourceDate "2017.10.13"]
[SourceVersion "1"]
[SourceVersionDate "2017.10.13"]
[SourceQuality "1"]

1. c4 c5 2. Nf3 Nc6 3. g3 e6 4. Nc3 Nf6 5. Bg2 d6 6. d4 cxd4 7. Nxd4 Nxd4 8. Qxd4 e5 9. Qd2 Be7 10. 0-0 Qc7 11. b3 Be6 12. f4 Ng4 13. e3 d5 14. Nxd5 Bxd5 15. Bxd5 Nxe3 16. Rf3 Nxd5 17. Qxd5 Rd8 18. Qb5+ Kf8 19. Be3 e4 20. Rf2 Bf6 21. Qc5+ Qxc5 22. Bxc5+ Be7 23. Bxa7 f5 24. Kf1 Kf7 25. Ke2 Bb4 26. Rd1 Ra8 27. Rd7+ Ke6 28. Rxb7 Bc3 29. Kd1 Rad8+ 30. Kc2 Bf6 31. Rd2 Rxd2+ 32. Kxd2 Kd6 33. a4 Kc6 34. Rf7 Rd8+ 35. Ke2 Rd3 36. b4 Ra3 37. b5+ Kd6 38. b6 Ra2+ 39. Kd1 e3 40. c5+ Ke6 41. Rxf6+ gxf6 42. b7 Rd2+ 43. Ke1 Rd8 44. b8Q Rxb8 45. Bxb8 Kd7 46. Ke2 Kc6 47. Bd6 1-0

[Event "Grenzturnering-B 1415"]
[Site "Denmark"]
[Date "2015.03.02"]
[Round "5"]
[White "Jensen, Jens Peter"]
[Black "Bucka Lassen, Edlef"]
[Result "1-0"]
[WhiteElo "1297"]
[BlackElo "1230"]
[PlyCount "57"]
[EventDate "2014.09.23"]
[EventType "swiss"]
[EventRounds "7"]
[EventCountry "DEN"]
[SourceTitle "EXT 2023"]
[Source "ChessBase"]
[SourceDate "2022.10.05"]
[SourceVersion "1"]
[SourceVersionDate "2022.10.05"]
[SourceQuality "1"]

1. e4 c5 2. Bc4 Nc6 3. a3 Nf6 4. d3 g6 5. Nc3 Bg7 6. Bd2 0-0 7. Nf3 e6 8. h3 b6 9. Bb5 Bb7 10. Bxc6 Bxc6 11. Ne5 Nxe4 12. Nxc6 dxc6 13. dxe4 Qc7 14. 0-0 Rad8 15. Qe2 f5 16. Bg5 Rd7 17. Rad1 Rdf7 18. f4 Bd4+ 19. Kh1 fxe4 20. Qxe4 e5 21. Bh6 Re8 22. f5 Qd6 23. fxg6 hxg6 24. Rxf7 Kxf7 25. Rf1+ Kg8 26. Bg5 Re6 27. Qf3 e4 28. Nxe4 Rxe4 29. Qxe4 1-0

[Event "Grenzturnering-B 1415"]
[Site "Denmark"]
[Date "2014.12.08"]
[Round "3"]
[White "Bucka Lassen, Edlef"]
[Black "Heremec, Adis"]
[Result "1/2-1/2"]
[WhiteElo "1230"]
[BlackElo "1000"]
[PlyCount "46"]
[EventDate "2014.09.23"]
[EventType "swiss"]
[EventRounds "7"]
[EventCountry "DEN"]
[SourceTitle "EXT 2023"]
[Source "ChessBase"]
[SourceDate "2022.10.05"]
[SourceVersion "1"]
[SourceVersionDate "2022.10.05"]
[SourceQuality "1"]

1. e4 e5 2. Nf3 Nc6 3. Bc4 Bc5 4. b3 Nf6 5. Nc3 d6 6. h3 0-0 7. 0-0 Nd4 8. Bb2 c6 9. Nxd4 exd4 10. Ne2 Nxe4 11. Nxd4 Bb6 12. Be2 Qg5 13. Nf3 Qg6 14. Bd3 Bxh3 15. Nh4 Nxf2 16. Rxf2 Bxf2+ 17. Kxf2 Qg5 18. gxh3 Qxh4+ 19. Kg2 Qg5+ 20. Qg4 Qxd2+ 21. Be2 Qd5+ 22. Bf3 Qd2+ 23. Be2 Qd5+ 1/2-1/2

[Event "Grenzturnering-B 1415"]
[Site "Denmark"]
[Date "2014.10.14"]
[Round "1"]
[White "Lauritzen, Vagn"]
[Black "Bucka Lassen, Edlef"]
[Result "1/2-1/2"]
[WhiteElo "1574"]
[BlackElo "1230"]
[PlyCount "24"]
[EventDate "2014.09.23"]
[EventType "swiss"]
[EventRounds "7"]
[EventCountry "DEN"]
[SourceTitle "EXT 2023"]
[Source "ChessBase"]
[SourceDate "2022.10.05"]
[SourceVersion "1"]
[SourceVersionDate "2022.10.05"]
[SourceQuality "1"]

1. e4 c5 2. Nf3 Nc6 3. d4 cxd4 4. Nxd4 g6 5. c3 Bg7 6. Be3 Nf6 7. Nd2 0-0 8. h3 d5 9. exd5 Nxd5 10. Nxc6 Nxe3 11. Nxd8 Nxd1 12. Rxd1 Rxd8 1/2-1/2